Entry Personal Name
Number of records used in: 1
001 - CONTROL NUMBER
003 - CONTROL NUMBER IDENTIFIER
005 - DATE AND TIME OF LATEST TRANSACTION
- control field:
20220723111010.0
008 - FIXED-LENGTH DATA ELEMENTS
- fixed length control field:
800507n| azannaab |a aaa
010 ## - LIBRARY OF CONGRESS CONTROL NUMBER
- LC control number:
n 79092543
035 ## - SYSTEM CONTROL NUMBER
- System control number:
(Uk)000404293
040 ## - CATALOGING SOURCE
- Original cataloging agency:
DLC
- Language of cataloging:
eng
- Transcribing agency:
DLC
- Modifying agency:
Uk
- Modifying agency:
DLC
- Description conventions:
rda
046 ## - SPECIAL CODED DATES
100 1# - HEADING--PERSONAL NAME
- Personal name:
Butcher, James Neal,
- Dates associated with a name:
1933-
400 1# - SEE FROM TRACING--PERSONAL NAME
- Personal name:
Butcher, James,
- Dates associated with a name:
1933-
400 1# - SEE FROM TRACING--PERSONAL NAME
- Personal name:
Butcher, James N.
- Fuller form of name:
(James Neal),
- Dates associated with a name:
1933-
400 1# - SEE FROM TRACING--PERSONAL NAME
- Personal name:
Butcher, N.
- Fuller form of name:
(James Neal),
- Dates associated with a name:
1933-
670 ## - SOURCE DATA FOUND
- Source citation:
MMPI, 1969.
670 ## - SOURCE DATA FOUND
- Source citation:
Handbook of research methods in clinical psychology, 1981:
- Information found:
t.p. (James N. Butcher)
670 ## - SOURCE DATA FOUND
- Source citation:
O'Dougherty, M.M. Counseling the chronically ill child, c1983 (a.e.)
- Information found:
CIP t.p. (James Butcher)
670 ## - SOURCE DATA FOUND
- Source citation:
Assessing hispanic clients using the MMPI-2 and MMPI-a, c2007:
- Information found:
ECIP t.p. (N. Butcher)